000 00671nam a2200205Ii 4500
003 JO-AjNU
008 230605s9999||||xx |||||||||||||| ||und||
017 _a2012/12/4517
040 _aJO-AjNU
_bara
_erda
_cJO-AjNU
041 _aara
050 1 4 _aN2 2014
100 3 _a تأليف الجمعية الأردنية للتصوير,
_eauthor
_948070
245 0 0 _aالربيع في الأردن 2012
264 3 1 _aعمان:وزارة الثقافة,2012
300 _a106ص
336 _atext
_btxt
_2rdacontent
337 _aunmediated
_bn
_2rdamedia
338 _avolume
_bnc
_2rdacarrier
650 4 _aالربيع-الربيع في الأردن-الأردن
_948071
999 _aA21027
_c24595
_d24595